LEADER 00972nam0-2200325 --450 001 9910303258203321 005 20240909120255.0 010 $a978-88-336-4007-5 100 $a20190115d2018----km y0itay50 ba 101 0 $aita 102 $aIT 105 $ay c 001yy 200 1 $aStorie di editori e tipografi nella Napoli dell'Ottocento$fa cura di Gianfranco Tortorelli 210 $aBologna$cPendragon$d2018 215 $a319 p.$d21 cm 225 1 $a<>sfere 610 0 $aTipografia$aNapoli$aSec. 19. 610 0 $aEditoria$aNapoli$aSec. 19. 702 1$aTortorelli,$bGianfranco 801 0$aIT$bUNINA$gREICAT$2UNIMARC 901 $aBK 912 $a9910303258203321 952 $a41-078$b24905$fFI1 952 $aSEZ.NA B 3674$b556/2021$fFARBC 952 $a070.5 TORTO 09$b2024/11431$fFLFBC 959 $aFARBC 959 $aFLFBC 959 $aFI1 996 $aStorie di editori e tipografi nella Napoli dell'Ottocento$91537844 997 $aUNINA